00557nam a2200193 a 450000500170000003500190001710000230003622200850005924500610014426000210020530000100022636200310023665300130026765300150028065300230029590400150031890500130033399900170034620210219153228.0 aUPN010000847561 aGil Leiva, Isidoro aEDUCACION Y BIBLIOTECA :bREVISTA MENSUAL DE DOCUMENTACION Y RECURSOS DIDACTICOS aLa investigación en indización y resumen en España aMadrid, España a40-430 a1997 Año 9, no. 83, oct.0 aESPAÑA0 aINDIZACION0 aRESUMEN DOCUMENTAL aACb022567 aArticulo c71465d71465